Cine : las estrellas que hicieron la historia /
Guardado en:
| Autor Principal: | |
|---|---|
| Formato: | Libro |
| Publicado: |
Barcelona :
Magnaverum,
2007
|
| Series: | Cinefilum
|
| Materias: | |
| Etiquetas: |
Agregar Etiqueta
Sin Etiquetas, Sea el primero en etiquetar este registro!
|
| LEADER | 00718nam a22002415a 4500 | ||
|---|---|---|---|
| 001 | CEM.cems013341 | ||
| 005 | 20100427112417.0 | ||
| 008 | 130507s2007##################000#0#####d | ||
| 003 | CEMS | ||
| 020 | |a 9789872365257 | ||
| 082 | 0 | 4 | |a 778.5 |
| 100 | 1 | |a Divo, Carlos | |
| 245 | 1 | 0 | |a Cine : |b las estrellas que hicieron la historia / |c Textos y Edición de Carlos Divo |
| 260 | |a Barcelona : |b Magnaverum, |c 2007 | ||
| 300 | |a 384 p. + DVD | ||
| 490 | 0 | |a Cinefilum | |
| 505 | 0 | |a Las celebridades del mundo del cine | |
| 653 | |a Cine | ||
| 653 | |a Cine-actrices | ||
| 653 | |a Cine-actores | ||
| 653 | |a Cine-guionistas | ||
| 653 | |a Cine-protagonistas del | ||
| 859 | |a CEMS |b BIB. CEMS - 11 de abril |h 778.5 |i D642 |p 25840.10 |t Ej.1 |v 1 |3 1 | ||
